Η αφοσίωση του υπόπτου Χ
Αποθηκεύτηκε σε:
| Κύριος συγγραφέας: | |
|---|---|
| Άλλοι συγγραφείς: | |
| Μορφή: | Βιβλίο |
| Γλώσσα: | Greek Japanese |
| Δημοσίευση: |
Αθήνα :
Κλειδάριθμος,
c2012.
|
| Θέματα: | |
| Ετικέτες: |
Προσθήκη ετικέτας
Δεν υπάρχουν, Καταχωρήστε ετικέτα πρώτοι!
|
MARC
| LEADER | 00000cam a2200000 i 4500 | ||
|---|---|---|---|
| 001 | 1/35748 | ||
| 008 | 130828s2012 gr | ||| |||| ||gre|| | ||
| 020 | |a 9789604615254 | ||
| 035 | |l 10115512 | ||
| 040 | |a GR-MyUA |b gre |e AACR2 | ||
| 041 | 1 | |a gre |h jpn | |
| 082 | 0 | |a 895.636 |2 (22) | |
| 100 | 1 | |a Higashino, Keigo, |d 1958- | |
| 245 | 1 | 2 | |a Η αφοσίωση του υπόπτου Χ / |c Keigo Higashino ; μετάφραση Αντώνης Καλοκύρης. |
| 260 | |a Αθήνα : |b Κλειδάριθμος, |c c2012. | ||
| 300 | |a 341 σ. ; |c 21 εκ. | ||
| 500 | |a Τίτλος πρωτοτύπου: The devotion of suspect X. | ||
| 650 | 0 | 0 | |a Japanese fiction. |
| 700 | 1 | |a Καλοκύρης, Αντώνης, |e trl | |
| 852 | |a INST |b SAMOS |e 20130828 |h 895.636 HIG |p 005300040473 |q 005300040473 |t BK |y 0 | ||
| 901 | |a BIBL3-2013-2 | ||
| 909 | |a Σ |b 179284 | ||
| 922 | |a 3ΕΛΗ |b 201306 |c ΤΜΗΜΑ ΜΑΘΗΜΑΤΙΚΩΝ |d BEST BOOK HUNTERS | ||
| 970 | |a ΚΟΣΙΕΡΗΣ |b ΧΡΗΣΤΟΣ |z 2013/08/28 | ||